00796nam a2200241 a 4500001001000000003000900010005001700019008003200036020001500068040002500083082002900108100002400137245005900161260004400220300002100264590002600285650002200311650002700333910003900360942001200399952012600411999001700537000011755DO-SdBNP20240221085437.0091027s2001 dr 000 f spa d a9993461024 aDO-SdBNPbspacBPMSU 4aRD863.44bH684g 20012221 aHobson, Bartolomé14aLos generales :bnovela /cBartolomé Hobson (Jorge). aSanto Domingo :bEditora Búho,c2001. a183 p. ;c22 cm. aInventariado, 2024/VM 4aNovela dominicana 0aLiteratura dominicana. aVMateo V. Control de calidad.BPMSU 2ddccBK 00102ddc40708CDaBPMETbBPMETd2017-11-10l0oBPMSU CD RD863.44 H684g 2001pBPMSU17110155r2017-11-10w2017-11-10yBK c12851d12851